| 000 | 01340nam a2200337 a 4500 | ||
|---|---|---|---|
| 001 | ebr10312969 | ||
| 003 | CaPaEBR | ||
| 006 | m u | ||
| 007 | cr cn||||||||| | ||
| 008 | 090910s2009 maua sb 001 0 eng d | ||
| 020 | _z9781596931589 | ||
| 020 | _z9781596931596 | ||
| 040 |
_aCaPaEBR _cCaPaEBR |
||
| 035 | _a(OCoLC)434507934 | ||
| 050 | 1 | 4 |
_aR857.N34 _bN36 2009eb |
| 245 | 0 | 0 |
_aNanoreactor engineering for life sciences and medicine _h[electronic resource] / _cAgnes Ostafin, Katharina Landfester, editors. |
| 260 |
_aBoston : _bArtech House, _cc2009. |
||
| 300 |
_ax, 283 p. : _bill. ; _c24 cm. |
||
| 490 | 1 | _aArtech House engineering in medicine & biology | |
| 504 | _aIncludes bibliographical references and index. | ||
| 533 |
_aElectronic reproduction. _bPalo Alto, Calif. : _cebrary, _d2009. _nAvailable via World Wide Web. _nAccess may be limited to ebrary affiliated libraries. |
||
| 650 | 0 | _aNanomedicine. | |
| 650 | 0 | _aBioreactors. | |
| 650 | 0 | _aMicroreactors. | |
| 655 | 7 |
_aElectronic books. _2local |
|
| 700 | 1 | _aOstafin, Agnes. | |
| 700 | 1 | _aLandfester, Katharina. | |
| 710 | 2 | _aebrary, Inc. | |
| 830 | 0 | _aArtech House engineering in medicine & biology series. | |
| 856 | 4 | 0 |
_uhttp://site.ebrary.com/lib/rucke/Doc?id=10312969 _zAn electronic book accessible through the World Wide Web; click to view |
| 999 |
_c177208 _d177208 |
||